Tratado de balística: tomo I (Registro nro. 4649)
[ vista simple ]
| 000 -Cabecera | |
|---|---|
| Campo de control de longitud fija | 01013aam a2200397 4500 |
| 005 - Fecha y hora de la última transacción | |
| Campo de control | 20251120144914.0 |
| 008 - Elementos de longitud fija--Información general | |
| Campo de control de longitud fija | 150415b2003 xxu||||| |||| 00| 0 spa d |
| 020 ## - International Standard Book Number | |
| Número Internacional Estándar del Libro (ISBN) | 9875170518 |
| 041 ## - Idioma | |
| Código de idioma | Español |
| 082 ## - Clasificación Decimal Dewey | |
| Número de clasificación | 363.256.2 L817t |
| 100 ## - Entrada principal--Autor personal | |
| Nombre personal | Locles, Roberto Jorge |
| 9 (RLIN) | 5424 |
| 245 ## - Título propiamente dicho | |
| Título | Tratado de balística: tomo I |
| 260 ## - Pie de imprenta | |
| Lugar de publicación, distribución, etc. | Argentina |
| 260 ## - Pie de imprenta | |
| Nombre del editor, distribuidor, etc. | La Rocca |
| 260 ## - Pie de imprenta | |
| Fecha de publicación, distribución, etc. | 2003 |
| 300 ## - Descripción física | |
| Extensión | 477 páginas |
| 490 ## - Serie | |
| Título de la Serie | Investigación Criminal |
| 650 ## - Materia general | |
| Temática (materia general) | BALÍSTICA |
| 650 ## - Materia general | |
| Temática (materia general) | PERICIA |
| 650 ## - Materia general | |
| Temática (materia general) | TESTIMONIOS |
| 650 ## - Materia general | |
| Temática (materia general) | ARMAS DE FUEGO |
| 650 ## - Materia general | |
| Temática (materia general) | ENERGÍA CINÉTICA |
| 650 ## - Materia general | |
| Temática (materia general) | HOMBRE |
| 650 ## - Materia general | |
| Temática (materia general) | TRAYECTORIA |
| 650 ## - Materia general | |
| Temática (materia general) | BALÍSTICA INTERNA |
| 650 ## - Materia general | |
| Temática (materia general) | BALÍSTICA EXTERNA |
| 650 ## - Materia general | |
| Temática (materia general) | VÍCTIMA |
| 650 ## - Materia general | |
| Temática (materia general) | VICTIMARIO |
| 650 ## - Materia general | |
| Temática (materia general) | DISTANCIA DE DISPARO |
| 650 ## - Materia general | |
| Temática (materia general) | TIPOS DE PÓLVORA |
| 650 ## - Materia general | |
| Temática (materia general) | IDENTIFICACIÓN DE PROYECTILES |
| 650 ## - Materia general | |
| Temática (materia general) | ESTUDIO PERICIAL |
| 650 ## - Materia general | |
| Temática (materia general) | CLASIFICACIÓN DE ARMAS DE FUEGO |
| 650 ## - Materia general | |
| Temática (materia general) | ESCOPETAS |
| 942 ## - Punto de acceso adicional KOHA | |
| Tipo de ítem KOHA | Libro |
| Fuente del sistema de clasificación o colocación | Dewey Decimal Classification |
| Signatura completa | Código de barras | Programa Académico | Tipo de ítem |
|---|---|---|---|
| 363.256.2 L817t | 9072 | Investigación Criminal | Libro |
| 363.256.2 L817t | 12793 | Investigación Criminal | Libro |